000 01005cam a2200181ua 4500
020 _c7.00
041 _aeng
_h
082 _a532.543
_bIND/GU
110 1 _aIndian standards institution .
_bISI
_c()
245 _aGuide for selection of method of measuring flow in open channels /
_cIndian standards institution.
_hTextual Documents
250 _a1 /
_b.
260 _aNew Delhi :
_bIndian standards institution ,
_c1981.
300 _a13 ; .
365 _a7.00
504 _a
942 _cBK
999 _c10975
_d10975